000 005110000a22001810004500
041 0 _aSPA
082 0 4 _aG 280.042 A6625c
100 1 _aAranguren, José Luis L. (1909-)
245 1 0 _aCatolicismo y protestantismo : Como formas de existencia / Jose Luis L. Aranguren
250 _a3
260 _aMadrid, España : Revista de Occidente
300 _a246 Pag
001 8614
942 _cBK
999 _c38748
_d38748
336 _atexto
_btxt
_2rdacontent
337 _2rdamedia
_asin mediación
_bn
338 _2rdacarrier
_avolumen
_bnc